000 00681nam a2200205Ii 4500
003 JO-AjNU
008 230606s9999||||xx |||||||||||||| ||und||
020 _a978-0-7486-3963-2(hardback) , 978-0-7486-3964-9(Paperback)
040 _aJO-AjNU
_beng
_erda
_cJO-AjNU
041 _aeng
050 1 4 _aPR6061.E518 2010
100 3 _aEdited by Hames, Scott,
_eauthor
_92527
245 0 4 _aThe Edinburgh Companion to James Kelman
264 3 1 _aEdinburgh: Edinburgh University Press, 2010
300 _a164P
336 _atext
_btxt
_2rdacontent
337 _aunmediated
_bn
_2rdamedia
338 _avolume
_bnc
_2rdacarrier
650 4 _aCivilization, Classical - History -Kelman
_92528
999 _aE1322
_c1322
_d1322